| 000 | 00550nam a2200229 a 4500 | ||
|---|---|---|---|
| 001 | nice12345678 | ||
| 003 | IN_TiNIC | ||
| 005 | 20260116011653.0 | ||
| 008 | 050524s1905 newa grp 000 0 eng | ||
| 020 |
_a _c100 |
||
| 082 | 0 | 0 |
_a190 _bPER |
| 100 | _aPerry, Ralph Barton | ||
| 245 | _aApproach to Philosophy | ||
| 260 |
_aNew York _bCharles Scribner`s Sons, _c1905 |
||
| 300 | _a448p | ||
| 500 | _aincludes index and biblioraphy | ||
| 505 | 2 | _aIndex | |
| 700 | 1 | _aPerry, Ralph Barton | |
| 902 | _bSRS | ||
| 942 | _cBK | ||
| 999 |
_c3290 _d3290 |
||